Libros selectos (Registro nro. 1696)

Detalles MARC
000 -CABECERA
campo de control de longitud fija 00658nam a2200253Ia 4500
003 - IDENTIFICADOR DEL NÚMERO DE CONTROL
campo de control AR-RoIUNI
005 - FECHA Y HORA DE LA ÚLTIMA TRANSACCIÓN
campo de control 20190503155109.0
008 - DATOS DE LONGITUD FIJA--INFORMACIÓN GENERAL
campo de control de longitud fija 150616s9999 xx 000 0 und d
022 ## - NÚMERO INTERNACIONAL NORMALIZADO PARA PUBLICACIONES SERIADAS
Número Internacional Normalizado para Publicaciones Seriadas 14057999
040 ## - FUENTE DE LA CATALOGACIÓN
Centro/agencia transcriptor AR-RoIUNI
040 ## - FUENTE DE LA CATALOGACIÓN
Centro/agencia modificador OCLC
Centro/agencia transcriptor AR-RoIUNI
080 ## - NÚMERO DE LA CLASIFICACIÓN DECIMAL UNIVERSAL
Número de la Clasificación Decimal Universal 82 LIB
245 1# - MENCIÓN DE TÍTULO
Título Libros selectos
260 ## - PUBLICACIÓN, DISTRIBUCIÓN, ETC. (PIE DE IMPRENTA)
Lugar de publicación, distribución, etc. Buenos Aires
260 ## - PUBLICACIÓN, DISTRIBUCIÓN, ETC. (PIE DE IMPRENTA)
Nombre del editor, distribuidor, etc. [s.n.]
260 ## - PUBLICACIÓN, DISTRIBUCIÓN, ETC. (PIE DE IMPRENTA)
Fecha de publicación, distribución, etc. 2000
300 ## - DESCRIPCIÓN FÍSICA
Extensión 574 p.
Dimensiones 20 cm.
505 0# - NOTA DE CONTENIDO CON FORMATO
Mención de responsabilidad David Baldacci
Título La última jugada
505 0# - NOTA DE CONTENIDO CON FORMATO
Mención de responsabilidad James Thayer
Título Vuelo funesto
505 0# - NOTA DE CONTENIDO CON FORMATO
Mención de responsabilidad Jeffery Deaver
Título El tatuado de la danza macabra
505 0# - NOTA DE CONTENIDO CON FORMATO
Mención de responsabilidad Elaine Clark McCarthy
Título El halconero
650 10 - PUNTO DE ACCESO ADICIONAL DE MATERIA--TÉRMINO DE MATERIA
9 (RLIN) 557
Término de materia o nombre geográfico como elemento inicial Literatura
942 ## - ELEMENTOS DE PUNTO DE ACCESO ADICIONAL (KOHA)
Tipo de ítem Koha Libros
Fuente del sistema de clasificación o colocación Clasificación Decimal Universal
Existencias
Estado de retiro Estado de pérdida Fuente del sistema de clasificación o colocación Estado dañado Excepción de préstamo Código de colección Localización permanente Ubicación/localización actual Ubicación en estantería Fecha de adquisición Número de inventario Total de préstamos Signatura topográfica completa Código de barras Fecha visto por última vez Precio válido a partir de Tipo de ítem Koha
    Clasificación Decimal Universal     Literatura General BIBLIOTECA CENTRAL BIBLIOTECA CENTRAL BIBLIOTECA CENTRAL 03/05/2019 1697   82 LIB 1697c 16/06/2015 16/06/2015 Libros